Detalles MARC
| 000 -LEADER |
| campo de control de longitud fija |
02997cam a22004334i 4500 |
| 003 - IDENTIFICADOR DE NÚMERO DE CONTROL |
| campo de control |
PE-LiUPU |
| 005 - FECHA Y HORA DE LA ÚLTIMA TRANSACCIÓN |
| campo de control |
20250731183436.0 |
| 008 - DATOS DE LONGITUD FIJA--INFORMACIÓN GENERAL |
| campo de control de longitud fija |
150706s r 000 0 d |
| 035 ## - NÚMERO DE CONTROL DEL SISTEMA |
| Número de control de sistema |
(Sirsi) a52006 |
| 040 ## - FUENTE DE CATALOGACIÓN |
| Centro catalogador/agencia de origen |
PE-LiUPU |
| Lengua de catalogación |
spa |
| Centro/agencia transcriptor |
PE-LiUPU |
| Normas de descripción |
rda |
| 049 ## - FONDOS LOCALES (OCLC) |
| Biblioteca depositaria |
PRUA |
| 082 04 - NÚMERO DE LA CLASIFICACIÓN DECIMAL DEWEY |
| Número de clasificación |
720.47254 |
| Cutter |
A7 |
| Número de edición |
21 |
| 245 01 - MENCIÓN DEL TÍTULO |
| Título |
Arquitectura y energía : |
| Resto del título |
architecture and energy / |
| Mención de responsabilidad, etc. |
Mónica Gili directora ; editores Moisés Puente ; Lluís Ortega ; textos de Francois Béguin y Brian Thomas Carroll. |
| 264 #1 - PRODUCCIÓN, PUBLICACIÓN, DISTRIBUCIÓN, FABRICACIÓN Y COPYRIGHT |
| Producción, publicación, distribución, fabricación y copyright |
Barcelona : |
| Nombre del de productor, editor, distribuidor, fabricante |
Gustavo Gili, |
| Fecha de producción, publicación, distribución, fabricación o copyright |
2001. |
| 300 ## - DESCRIPCIÓN FÍSICA |
| Extensión |
143 páginas : |
| Otras características físicas |
ilustraciones ; |
| Dimensiones |
30 cm. |
| 336 ## - TIPO DE CONTENIDO |
| Término de tipo de contenido |
text |
| Fuente |
rdacontent |
| 337 ## - TIPO DE MEDIO |
| Nombre/término del tipo de medio |
unmediated |
| Fuente |
rdamedia |
| 338 ## - TIPO DE SOPORTE |
| Nombre/término del tipo de soporte |
volume |
| Fuente |
rdacarrier |
| 500 ## - NOTA GENERAL |
| Nota general |
ISSN: 1136-9647. |
| 505 0# - NOTA DE CONTENIDO CON FORMATO |
| Nota de contenido con formato |
Conversación con Paul Virilio -- Arquitectura y energía o la historia de una presencia invisible -- Obras y proyectos -- AA VV /Various authors. Concursos internacionales de torres de alta tensión. 1994 - 1999 -- Peter Jäger. Depuradoras ovoidales. 1995 -1999 -- Ecotécnia. Parque eólico, Tarifa. 1993 -- UN Studio. Subestación eléctrica, Innsbruck. 1996 - 2001 -- Pierre Bonnet / Christian Bridel. Central CHP, Biére. 1998 -- Hohaus Hinz & Seifert. Plantas de placas solares, Gelsenkirchen. 1999 - 2000 -- Stefano Boeri. Central energética geotérmica, Bagnore, Monte Amiata. 1998 -- NL architects. Central repetidora de distribución térmica, Utrecht. 1997 - 1998 -- Baumschlager & Eberle. Central energética, Alberschwende. 1989 - 1992 -- LisetteÁvila & Esther Fontana. Central energética hidroeléctrica "23 de enero" - Macagua, ciudad Guayana. 1998 -- Hans-Jörg Ruch. Subestación eléctrica, Albanatscha, Silvaplana. 1993 - 1996 -- Sk Power Company / HKM. Central eléctrica de fuentes de combustible múltiples Avedore 2, Copenhague. 1998 - 2002 -- Martin Kohlbauer. Central de energía calorífica, Viena. 1993 - 1996 -- Claudine Lorenz & Florian Musso. Central hidroeléctrica, Bieudron. 1999 -- Plataformas offshore: el sexto continente. -Contemplando el ciberespacio: la infraestructura eléctrica es arquitectura. |
| 526 ## - NOTA DE INFORMACIÓN SOBRE EL PROGRAMA DE ESTUDIO |
| Nombre del programa |
Maestría Bim Facility Management (A distancia) |
| 526 ## - NOTA DE INFORMACIÓN SOBRE EL PROGRAMA DE ESTUDIO |
| Nombre del programa |
|
| 526 ## - NOTA DE INFORMACIÓN SOBRE EL PROGRAMA DE ESTUDIO |
| Nombre del programa |
Educación musical y artes |
| 526 ## - NOTA DE INFORMACIÓN SOBRE EL PROGRAMA DE ESTUDIO |
| Nombre del programa |
Educación, especialidad educación física |
| 526 ## - NOTA DE INFORMACIÓN SOBRE EL PROGRAMA DE ESTUDIO |
| Nombre del programa |
Arquitectura |
| 541 ## - NOTA DE FUENTE DE ADQUISICIÓN DIRECTA |
| -- |
004-000770; |
| 596 ## - |
| -- |
1 |
| 650 04 - PUNTO DE ACCESO ADICIONAL DE MATERIA--TÉRMINO DE MATERIA |
| Término de materia o nombre geográfico como elemento de entrada |
Arquitectura y conservación de la energía. |
| 650 04 - PUNTO DE ACCESO ADICIONAL DE MATERIA--TÉRMINO DE MATERIA |
| Término de materia o nombre geográfico como elemento de entrada |
Arquitectura Industrial. |
| 700 1# - ENTRADA AGREGADA--NOMBRE PERSONAL |
| Nombre de persona |
Gili, Mónica, |
| Término indicativo de función/relación |
dir. |
| 700 1# - ENTRADA AGREGADA--NOMBRE PERSONAL |
| Nombre de persona |
Puente, Moisés, |
| Término indicativo de función/relación |
ed. |
| 700 1# - ENTRADA AGREGADA--NOMBRE PERSONAL |
| Nombre de persona |
Béguin, Francois, |
| Término indicativo de función/relación |
tex. |
| 700 1# - ENTRADA AGREGADA--NOMBRE PERSONAL |
| Nombre de persona |
Carroll, Brian Thomas, |
| Término indicativo de función/relación |
tex. |
| 910 ## - DATOS DE OPCIÓN DEL USUARIO (OCLC) |
| Datos de opción del usuario |
fsr |
| -- |
fsr |
| -- |
20130107 |
| 942 ## - ELEMENTOS DE ENTRADA SECUNDARIOS (KOHA) |
| Fuente del sistema de clasificación o colocación |
Clasificación Decimal Dewey |
| Tipo de ítem Koha |
|
| 949 ## - PROCESAMIENTO DE INFORMACIÓN LOCAL (OCLC) |
| a |
720.47254 A7 |
| w |
DEWEY |
| c |
1 |
| i |
66329 |
| l |
CCODEBUL1 |
| m |
BUL |
| p |
50.00 |
| r |
0 |
| s |
Y |
| t |
LIBRO |
| u |
2015-07-06 |
| x |
INGENIERIA |
| -- |
P06 |
| o |
.STAFF. Colección General |
| 994 ## - |
| -- |
C0 |
| -- |
PEPRU |
| 999 ## - NÚMEROS DE CONTROL DE SISTEMA (KOHA) |
| -- |
DEWEY |
| -- |
66329 |
| -- |
2016-5-3 |
| -- |
2021-11-9 |
| -- |
7 |
| -- |
CCODEBUL1 |
| -- |
BUL |
| -- |
1 |
| -- |
50.00 |
| -- |
1 |
| -- |
0 |
| -- |
Y |
| -- |
BOOK |
| -- |
2015-7-6 |
| -- |
INGENIERIA |
| -- |
P06 |
| -- |
COMPRA |
| -- |
.STAFF. Colección General |
| 980 ## - EQUIVALENCIA O REFERENCIA-CRUZADA-MENCIÓN DE SERIE--NOMBRE DE PERSONA/TÍTULO [LOCAL, CANADÁ] |
| ID del último usuario que modificó el registro |
1 |
| Nombre del último usuario que modificó el registro |
ALBERTO SANCHEZ Responsable de Automatización |